[Event "Niederbayernliga 1516"]
[Site "Bayern"]
[Date "2015.11.15"]
[Round "3.6"]
[White "Kuehne, Ronald"]
[Black "Strangmueller, Andreas"]
[Result "0-1"]
[WhiteElo "1685"]
[BlackElo "1891"]
[PlyCount "62"]
[EventDate "2015.10.11"]
[EventType "team-tourn"]
[EventRounds "9"]
[EventCountry "GER"]
[SourceTitle "EXT 2023"]
[Source "ChessBase"]
[SourceDate "2022.10.05"]
[SourceVersion "1"]
[SourceVersionDate "2022.10.05"]
[SourceQuality "1"]
[WhiteTeam "Ergolding"]
[BlackTeam "Landshut"]
[WhiteTeamCountry "GER"]
[BlackTeamCountry "GER"]

1. d4 d5 2. Nf3 Nf6 3. Nc3 Bf5 4. e3 e6 5. Ne5 Nfd7 6. g4 Bg6 7. h4 Nxe5 8. dxe5 h6 9. a3 Nd7 10. f4 Be7 11. h5 Bh4+ 12. Ke2 Bh7 13. Bg2 Be7 14. e4 c6 15. Be3 f6 16. exd5 cxd5 17. exf6 Bxf6 18. Bd4 0-0 19. Bxf6 Qxf6 20. Rf1 Kh8 21. Rf2 Qh4 22. Kf1 Nf6 23. Bf3 Ne4 24. Bxe4 dxe4 25. Kg2 e3 26. Rf1 Rad8 27. Qf3 Rd2+ 28. Ne2 Be4 29. Qxe4 Rxe2+ 30. Kf3 Qh2 31. f5 e5 0-1

[Event "Niederbayernliga 1314"]
[Site "Bayern"]
[Date "2013.??.??"]
[Round "4"]
[White "Bergmann, Reiner"]
[Black "Kuehne, Ronald"]
[Result "1-0"]
[WhiteElo "1786"]
[BlackElo "1658"]
[PlyCount "61"]
[EventDate "2013.10.13"]
[EventType "team-tourn"]
[EventRounds "9"]
[EventCountry "GER"]
[SourceTitle "EXT 2023"]
[Source "ChessBase"]
[SourceDate "2022.10.05"]
[SourceVersion "1"]
[SourceVersionDate "2022.10.05"]
[SourceQuality "1"]
[WhiteTeam "Bayerwald Regen/Zwiesel"]
[BlackTeam "Ergolding"]
[WhiteTeamCountry "GER"]
[BlackTeamCountry "GER"]

1. e4 c5 2. Nf3 d6 3. d4 cxd4 4. Nxd4 Nc6 5. Nc3 Bd7 6. Be3 Nf6 7. f3 g6 8. Qd2 Bg7 9. 0-0-0 a6 10. g4 b5 11. Bh6 Nxe4 12. Nxe4 Bxd4 13. c3 d5 14. Ng5 Bf6 15. Qxd5 e6 16. Qd2 Ne5 17. Ne4 Be7 18. Qf4 Nc6 19. Bh3 e5 20. Rhe1 Rg8 21. Qe3 g5 22. f4 f6 23. fxg5 fxg5 24. Rf1 Qc7 25. Qf3 0-0-0 26. Qe3 Be6 27. Bxg5 Bxa2 28. Bxe7 Nxe7 29. Nc5 Rg6 30. Rxd8+ Kxd8 31. Rf8# 1-0

[Event "Niederbayernliga 1213"]
[Site "Bayern"]
[Date "2012.??.??"]
[Round "4"]
[White "Kuehne, Ronald"]
[Black "Yazici, Arda"]
[Result "1-0"]
[WhiteElo "1658"]
[BlackElo "1775"]
[PlyCount "73"]
[EventDate "2012.10.14"]
[EventType "team-tourn"]
[EventRounds "9"]
[EventCountry "GER"]
[SourceTitle "EXT 2023"]
[Source "ChessBase"]
[SourceDate "2022.10.05"]
[SourceVersion "1"]
[SourceVersionDate "2022.10.05"]
[SourceQuality "1"]
[WhiteTeam "Ergolding"]
[BlackTeam "Regen/Viechtach"]
[WhiteTeamCountry "GER"]
[BlackTeamCountry "GER"]

1. d4 Nf6 2. Nf3 e6 3. e3 d5 4. Bd3 c5 5. b3 Nc6 6. 0-0 Qc7 7. Bb2 a6 8. Nbd2 cxd4 9. exd4 Nb4 10. Ne5 Nxd3 11. Nxd3 Bd6 12. Ne5 b5 13. Rc1 Qb6 14. Qe2 a5 15. Ndf3 b4 16. Qe3 Ne4 17. Ng5 Bxe5 18. Nxe4 dxe4 19. Qxe4 Bxh2+ 20. Kxh2 Bb7 21. Qg4 Qc7+ 22. Kg1 f5 23. Qg5 Qe7 24. Qg3 0-0 25. Rfe1 Bd5 26. c4 bxc3 27. Rxc3 Rf6 28. Rc7 Qf8 29. Ba3 Rg6 30. Qxg6 hxg6 31. Bxf8 Kxf8 32. Rec1 a4 33. Rc8+ Rxc8 34. Rxc8+ Kf7 35. bxa4 Bxa2 36. a5 Ke7 37. a6 1-0